Aeropuerto

Guardat en:
Dades bibliogràfiques
Autor principal: Hailey, Arthur (Autor)
Format: Llibre
Idioma:espanyol
Publicat: Bogotá Oveja Negra 1984
Col·lecció:Best sellers, 10
Matèries:
Etiquetes: Afegir etiqueta
Sense etiquetes, Sigues el primer a etiquetar aquest registre!

MARC

LEADER 00000nam a2200000 a 4500
001 UCV4723
003 CL-VaPUC
008 910730e19840000CK |||||||||||||||||spa|d
082 0 4 |a C813  |b HAI  |2 21 
100 |a Hailey, Arthur  |e author  |9 568700 
245 1 0 |a Aeropuerto 
300 |a 389 p 
942 |c BK 
945 |d 19910730 00:00:00 
260 |a Bogotá  |b Oveja Negra  |c 1984 
650 0 |a Novelas canadienses  |9 261026 
583 |a last modification  |c 19910730 00:00:00  |k Rodrigo Vera 
490 0 |a Best sellers, 10 
999 |c 211423  |d 211421 
952 |0 0  |1 0  |4 0  |6 C_813_000000000000000_HAI_1984  |7 0  |8 A  |9 190730  |a BIBING  |b BIBING  |d 2019-11-14  |i 2583712  |o C813 HAI 1984  |p 2583712  |r 2025-01-20  |w 2019-11-14  |y BK  |k TRA